000 00928nam a2200301Ia 4500
003 OSt
005 20221007120820.0
006 a|||||r|||| 00| 0
007 ta
008 221006b |||||||| |||| 00| 0 eng d
020 _a3540640606 (Berlin:hbd)
024 _a6375
037 _cTextual
040 _aBDL
_cBDL
_beng
041 _2eng
_aeng
082 _aI7:11, N8 Carb
100 _aKubitzki K Ed
_9710051
245 0 _aFlowering plants monocotyledons: lilianae(except orchidaceae)
260 _aBerlin
_bSpringer-Verlag
_c1998
300 _ax,478p
_ccm.
490 _aFamilies and genera of vascular plants; 3
500 _aIncludes bibliographical references; Index 471-478p
650 _a classification
_9229842
650 _a Flowering Plants Monocotyledon
_9710052
650 _aBotany
942 _hI7:11, N8 Carb
_cTEXL
_2CC
999 _c1208047
_d1208047